<?xml version="1.0" encoding="UTF-8"?>
<record
    xmlns:xsi="http://www.w3.org/2001/XMLSchema-instance"
    xsi:schemaLocation="http://www.loc.gov/MARC21/slim http://www.loc.gov/standards/marcxml/schema/MARC21slim.xsd"
    xmlns="http://www.loc.gov/MARC21/slim">

  <leader>01273naa a2200241 i 4500</leader>
  <controlfield tag="001">BPP</controlfield>
  <controlfield tag="003">BPK</controlfield>
  <controlfield tag="005">20190604154926.0</controlfield>
  <controlfield tag="008">150212s1976    pl     f     |100 0 pol</controlfield>
  <datafield tag="040" ind1=" " ind2=" ">
    <subfield code="c">BPK</subfield>
  </datafield>
  <datafield tag="080" ind1=" " ind2=" ">
    <subfield code="a">621.9</subfield>
  </datafield>
  <datafield tag="100" ind1=" " ind2=" ">
    <subfield code="a">BORKOWSKI, J&#xF3;zef.</subfield>
    <subfield code="d">1975 - 1996.</subfield>
    <subfield code="b">Wy&#x17C;sza Szko&#x142;a In&#x17C;ynierska w Koszalinie - Instytut Budowy Maszyn,</subfield>
    <subfield code="c">Zak&#x142;ad Technologii Maszyn</subfield>
  </datafield>
  <datafield tag="245" ind1=" " ind2=" ">
    <subfield code="a">Temperatura i si&#x142;y skrawania w warunkach ultrawysokoszybko&#x15B;ciowej obr&#xF3;bki &#x15B;ciernej /</subfield>
    <subfield code="c">J&#xF3;zef Borkowski, Micha&#x142; Kalisz.</subfield>
  </datafield>
  <datafield tag="260" ind1=" " ind2=" ">
    <subfield code="c">1976.</subfield>
  </datafield>
  <datafield tag="500" ind1=" " ind2=" ">
    <subfield code="a">Dane z autopsji.</subfield>
  </datafield>
  <datafield tag="520" ind1=" " ind2=" ">
    <subfield code="a">Wykazano konieczno&#x15B;&#x107; przeprowadzenia bada&#x144; w dziedzinie zjawisk cieplnych i dynamicznych, wyst&#x119;puj&#x105;cych w mikrostrefie skrawania ziarn &#x15B;ciernych przy du&#x17C;ych szybko&#x15B;ciach skrawania. Om&#xF3;wiono stanowisko badawcze wraz z metodyk&#x105; pomiar&#xF3;w temperatury i si&#x142; skrawania przy szybko&#x15B;ciach 50 - 350 m/s.</subfield>
  </datafield>
  <datafield tag="650" ind1=" " ind2="0">
    <subfield code="a">Obr&#xF3;bka wodno-&#x15B;cierna.</subfield>
  </datafield>
  <datafield tag="655" ind1=" " ind2="0">
    <subfield code="a">Materia&#x142;y konferencyjne.</subfield>
  </datafield>
  <datafield tag="650" ind1=" " ind2="0">
    <subfield code="a">Skrawanie</subfield>
  </datafield>
  <datafield tag="773" ind1=" " ind2=" ">
    <subfield code="i">W :</subfield>
    <subfield code="t">Obr&#xF3;bka &#x15B;cierna : Technologia : III Konferencja Naukowo-Techniczna. -</subfield>
    <subfield code="d">&#x141;&#xF3;d&#x17A; : SIMP - ZORPOT, 1976. -</subfield>
    <subfield code="g">s. 276-279</subfield>
  </datafield>
  <datafield tag="711" ind1=" " ind2=" ">
    <subfield code="a">Konferencja Naukowo-Techniczna nt. Obr&#xF3;bka &#x15B;cierna</subfield>
    <subfield code="n">(3 ;</subfield>
    <subfield code="d">1976 ;</subfield>
    <subfield code="c">&#x141;&#xF3;d&#x17A;, Polska).</subfield>
  </datafield>
  <datafield tag="942" ind1=" " ind2=" ">
    <subfield code="c">ART</subfield>
    <subfield code="2">UKD</subfield>
  </datafield>
  <datafield tag="999" ind1=" " ind2=" ">
    <subfield code="c">5715</subfield>
    <subfield code="d">5715</subfield>
  </datafield>
  <datafield tag="952" ind1=" " ind2=" ">
    <subfield code="0">0</subfield>
    <subfield code="1">0</subfield>
    <subfield code="4">0</subfield>
    <subfield code="7">0</subfield>
    <subfield code="a">BPK</subfield>
    <subfield code="b">BPK</subfield>
    <subfield code="o">21518</subfield>
    <subfield code="y">ART</subfield>
  </datafield>
</record>
